Trichechus inunguis ( Región amazonas) (Registro nro. 18567)

Detalles MARC
000 -CABECERA
Campo de control 00820nem a2200229 u 4500
005 - FECHA Y HORA DE LA ULTIMA TRANSACCION
Campo de control 20180803170252.0
008 - ELEMENTOS DE LONGITUD FIJA—INFORMACION GENERAL
Campo de control 160516b2004 c ||||| |a|| 00| 0 spa d
040 ## - FUENTE DE CATALOGACIÓN
Agencia catalogadora original CO-BoIAVH
Agencia transcriptora CO-BoIAVH
041 ## - IDIOMA
Código de idioma para texto/pista de sonido o título separado Español
044 ## - PAÍS DE PUBLICACIÓN
País de publicación Colombia
090 ## - CLASIFICACIÓN LOCAL
Colección MC-
Consecutivo 0123
245 1# - MENCION DE TITULO
Título Trichechus inunguis ( Región amazonas)
Parte restante del título Taller de Manaties cartagena de indias, Colombia Mayo 23 a 28 de 2004.
Medio físico [Material Cartografico]/
255 ## - DATOS MATEMATICOS CARTOGRAFICOS
Mención de escala 1:2.004.407
260 ## - PUBLICACION, DISTRIBUCION, ETC. (PIE DE IMPRENTA)
Lugar de publicación, distribución, etc. Bogotá :
Nombre del editor, distribuidor, etc. Ramón Hernando ,
Fecha de publicación, distribución, etc. 2004
300 ## - DESCRIPCION FISICA
Extensión 1 mapa :
Otros detalles físicos color. ;
Dimensiones 42 x 28 cm
650 16 - ASIENTO SECUNDARIO DE MATERIA - TERMINO TEMATICO
Término temático o nombre geográfico como elemento de entrada Hidrografía
Subdivisión cronológica Amazonas
Subdivisión geográfica Colombia
650 16 - ASIENTO SECUNDARIO DE MATERIA - TERMINO TEMATICO
Término temático o nombre geográfico como elemento de entrada Infraestructura
Subdivisión cronológica Amazonas
Subdivisión geográfica Colombia
650 14 - ASIENTO SECUNDARIO DE MATERIA - TERMINO TEMATICO
Término temático o nombre geográfico como elemento de entrada manatí del Amazonas
Subdivisión cronológica Amazonas
Subdivisión geográfica Colombia
710 2# - ASIENTO SECUNDARIO - NOMBRE CORPORATIVO
Nombre corporativo o de jurisdicción como elemento de entrada Fundación Omacha
710 2# - ASIENTO SECUNDARIO - NOMBRE CORPORATIVO
Nombre corporativo o de jurisdicción como elemento de entrada Conservación Internacional
942 ## - ELEMENTOS ADICIONALES (KOHA)
Sistema de clasificación Local
Tipo de ítem Mapa
Existencias
Withdrawn status Lost status Sistema de Clasificación Damaged status No para préstamo Colección Ubicación Permanente Ubicación actual Fecha de adquisición Total Checkouts Número topográfico Inventario / Código de Barras Date last seen Ejemplar Price effective from Tipo de material
    Local       Bogotá Bogotá 16/05/2016   MC-0223 040194 16/05/2016 Ej.1 16/05/2016 Mapa